000 01141nam0a2200289 4500
001 RU\NLR\bibl\1162897
005 20260406061820.0
010 _a5-94512-082-0
_91500
021 _aRU
_b2007-74151
_93992
035 _a(NLR Aleph) 001149630
090 _a1469347
_c1469347
100 _a20071204d2006 |||y0rusy50 ca
101 0 _arus
102 _aRU
105 _ac |||||||||
200 1 _aТеологические сонеты
_fигум. Авраам (Рейдман)
210 _aМосква
_cПаломник
_aЕкатеринбург
_cНово-Тихвинский женский монастырь
_d2006
215 _a110 с.
_cпортр.
_d21
327 1 _aСодерж.: Теологические сонеты (2002-2005); Стихотворения разных лет (1980-е - 2005)
686 _aШ6(2=Р)75-5
700 0 _4070
_8rus
_7ca
_aАвраам
_cРейдман, Петр Исаакович
_f1953-
_cсхиархимандрит
_3RU\NLR\AUTH\7712030
_9121762
801 0 _aRU
_bNLR
_c20071204
_gRCR
801 1 _aRU
_bNLR
_c20071204
942 _cBOOK
980 _aNB